LEADER 01752oam 2200301z- 450 001 9910694302003321 005 20240604134057.0 035 $a(CKB)5860000000020572 035 $a(BIP)919721830 035 $a(EXLCZ)995860000000020572 100 $a20231017c2008uuuu -u- - 101 0 $aeng 200 00$aDepartment of Energy Fiscal Year 2008 Research and Development Budget Proposal: Hearing before the Subcommittee on Energy and Environment, Committee on Science and Technology, House of Representatives, One Hundred Tenth Congress, First Session 210 $aWashington, D.C 215 $a1 online resource (196 p.) 311 $a0-16-080399-3 330 8 $aThis publication provides a cross-national comparison of social security systems. It summarizes the five main social insurance programs: old age, disability, and survivors; sickness and maternity; work injury; unemployment; and family allowances. It is published in four regional volumes (Europe, Asia and the Pacific, Africa, and the Americas), one every 6 months. 517 $aDepartment of Energy Fiscal Year 2008 Research and Development Budget Proposal 610 $aSocial security 610 $aEmployee fringe benefits 610 $aPolitical science 610 $aBusiness & economics 712 02$aSocial Security Administration Staff,$4com 712 02$aSocial Security Adminsistration, Office of Policy, Office of Research ...,$4com 906 $aBOOK 912 $a9910694302003321 996 $aDepartment of Energy Fiscal Year 2008 Research and Development Budget Proposal: Hearing before the Subcommittee on Energy and Environment, Committee on Science and Technology, House of Representatives, One Hundred Tenth Congress, First Session$93572181 997 $aUNINA